00401nam a2200181Ia 4500003000900000008004100009040001300050040001300063041000800076100002500084245003700109250001100146260002600157260000900183300001100192300001000203490000600213IT-RoPAU120407s9999 xx 000 0 und d aIT-RoPAU cIT-RoPAU aeng aTeresa M. De Ferrari 4aThe problem of charity for self. aBoston aDaughters of St. Paul c1962 a205 p. c21 cm v1